000 00713nam a2200229 a 4500
001 55636
003 BD-RjUL
005 20211209080308.0
008 161120s1967 ii ||||| |||| 00| 0 eng d
035 _a(BD-RjUL) 55760
040 _aBD-RjUL
_beng
_cBD-RjUL
041 _aeng
082 _223
_a629.1323
_bLAT 1967
100 1 _aLal, Bansi
_9165745
245 1 0 _aTheoretical hydrodynamics :
_b a vectorial treatment for post graduate students /
_cBansi Lal
250 _a2nd rev. enl. ed.
260 _aDelhi :
_bAtma ram and Sons,
_c1967
300 _axvi, 400 p. :
_bill. ;
_c23 cm
504 _aIncludes Bibliographical References and Index
650 _aHydrodynamics
_xTechnology
_9165746
942 _2ddc
_cBK
999 _c55636
_d55636